Statystyki dla Państwa na literę A

Kliknij tutaj aby rozwiązać quiz!

Ogólne statystyki

  • Ten quiz został rozwiązany 102 264 razy
  • Średni wynik to 8 z 12

Statystyki odpowiedzi

Kraj% Poprawnych
Andora
77%
Australia
75%
Albania
71%
Austria
71%
Argentyna
69%
Armenia
69%
Azerbejdżan
66%
Afganistan
65%
Algieria
58%
Angola
58%
Arabia Saudyjska
51%
Antigua i Barbuda
33%

Rozkład punktacji

Percentyl według liczby udzielonych odpowiedzi

Procent ludzi z każdym wynikiem

Twoja historia wyników

Nie rozwiązałeś tego quizu